| 000 | 00425nam a2200181Ia 4500 | ||
|---|---|---|---|
| 003 | OSt | ||
| 005 | 20231214105118.0 | ||
| 008 | 230312s9999||||xx |||||||||||||| ||und|| | ||
| 040 | _cABC | ||
| 082 |
_a615.19 _bBEN-B |
||
| 100 | _aBentley | ||
| 245 | 0 |
_aBenrley's Textbook of Pharmaceutics _cBentley |
|
| 250 | _a8th ed. | ||
| 300 | _a725 | ||
| 500 | _aIndex Given. | ||
| 650 |
_aPharmacy _vPharmaceutics |
||
| 942 |
_cBK _2ddc |
||
| 999 |
_c10805 _d10805 |
||